| 000 | 00319nam a22001337a 4500 | ||
|---|---|---|---|
| 020 | _a9788176220804 | ||
| 082 |
_a664.028 _bBHU/FR |
||
| 100 |
_aBhutani,R.C _9378 |
||
| 245 | _aFruit and vegetable preservation | ||
| 260 |
_aDelhi _bBiotech books _c2012 |
||
| 300 | _a485 p | ||
| 700 |
_aSubrahmanyan,V _9379 |
||
| 942 | _cBK | ||
| 999 |
_c13776 _d13776 |
||